MDQL
is popping MORE tags! Check the
thread
!
Quizzes
Events
Quiz Creation
Community
Videos
Private Events
Remove Ads
Sign In
Join for FREE
Feedback
Dark Mode
Quiz Categories
Sports
Geography
Music
Movies
Television
Just For Fun
Miscellaneous
History
Literature
Language
Science
Gaming
Entertainment
Religion
Holiday
For Kids
Quiz Lab
Recent
Popular Today
Quiz Kudos Today
Editor Picks
Curator Picks
Quizzes by...
Day
Popularity
Type
Ratings
Length
Year
Community
Subscriptions
Recent Discussions
Orange Saloon
Badges
Playlists
Quests
Create
Leaderboards
Showdown
Live 5
Trivia Bingo
Activity
Puzzle Library
Sporcle Events
Private Events
Virtual Trivia
Globe League
Become a Host
Pub Owners
SporcleCon
Opinionation
Our Games
Videos
Blog
Mobile Apps
Partnerships
Remove Ads and Go Orange
Feedback
Sports
Athletes
MLB
NBA
NHL
NFL
Soccer
Sports Teams
WWE
NCAA
Football
Premier League
Basketball
Baseball
Hockey
Golf
Tennis
Cricket
Rugby
Auto Racing
Olympics
World Cup
Sports
Athletes
MLB
NBA
NHL
NFL
Soccer
Sports Teams
WWE
NCAA
Football
Premier League
Basketball
Baseball
Hockey
Golf
Tennis
Cricket
Rugby
Auto Racing
Olympics
World Cup
Random Quiz
Search Sporcle
×
Quiz Lab
Quiz Lab
Sports
Basketball
Type in answers that appear in a list
Type in answers that appear in a list
Classic
Best Score? Go Orange.
NCAA Men's Div. I Basketball Champions Stats
Can you name the NCAA Men's Div. I Basketball Champions?
By
drmikuls
10m
72 Questions
1,650 Plays
1,650 Plays
1,650 Plays
Comments
Comments
Give Quiz Kudos
Give Quiz Kudos
-
- Ratings
hide this ad
Replay
Link that replays current quiz
Next Quiz
Link to next quiz in quiz playlist
You Got
0%
They Got
Avg Score
83%
Avg Friend Score
Upgrade to see
Score Distribution
Jump to the score distribution portion of the page
Score
0/72
Timer
10:00
0
Plays Today
Year
College
% Correct
1991
Duke Blue Devils
99.4%
1992
Duke Blue Devils
99.4%
2001
Duke Blue Devils
99.4%
2010
Duke Blue Devils
99.4%
1957
North Carolina Tar Heels
98.8%
1982
North Carolina Tar Heels
98.8%
1993
North Carolina Tar Heels
98.8%
2005
North Carolina Tar Heels
98.8%
2009
North Carolina Tar Heels
98.8%
1964
UCLA Bruins
97.6%
1965
UCLA Bruins
97.6%
1967
UCLA Bruins
97.6%
1968
UCLA Bruins
97.6%
1969
UCLA Bruins
97.6%
1970
UCLA Bruins
97.6%
1971
UCLA Bruins
97.6%
1972
UCLA Bruins
97.6%
1973
UCLA Bruins
97.6%
1975
UCLA Bruins
97.6%
1995
UCLA Bruins
97.6%
1989
Michigan Wolverines
97%
2006
Florida Gators
96.5%
2007
Florida Gators
96.5%
1952
Kansas Jayhawks
96.5%
1988
Kansas Jayhawks
96.5%
2008
Kansas Jayhawks
96.5%
1979
Michigan State Spartans
95.9%
2000
Michigan State Spartans
95.9%
1948
Kentucky Wildcats
94.6%
1949
Kentucky Wildcats
94.6%
1951
Kentucky Wildcats
94.6%
1958
Kentucky Wildcats
94.6%
1978
Kentucky Wildcats
94.6%
1996
Kentucky Wildcats
94.6%
1998
Kentucky Wildcats
94.6%
1940
Indiana Hoosiers
92%
Year
College
% Correct
1953
Indiana Hoosiers
92%
1976
Indiana Hoosiers
92%
1981
Indiana Hoosiers
92%
1987
Indiana Hoosiers
92%
2003
Syracuse Orange
92%
1999
Connecticut Huskies
91.3%
2004
Connecticut Huskies
91.3%
1997
Arizona Wildcats
88.3%
1984
Georgetown Hoyas
86.2%
2002
Maryland Terrapins
86.2%
1990
UNLV Runnin' Rebels
84.3%
1974
North Carolina State Wolfpack
83.3%
1983
North Carolina State Wolfpack
83.3%
1985
Villanova Wildcats
82.5%
1960
Ohio State Buckeyes
79.6%
1994
Arkansas Razorbacks
78.5%
1980
Louisville Cardinals
75.8%
1986
Louisville Cardinals
75.8%
1939
Oregon Ducks
75.5%
1959
California Golden Bears
68.4%
1941
Wisconsin Badgers
66.8%
1942
Stanford Cardinal
64.8%
1945
Oklahoma State Cowboys
60.6%
1946
Oklahoma State Cowboys
60.6%
1961
Cincinnati Bearcats
59.1%
1962
Cincinnati Bearcats
59.1%
1977
Marquette Golden Eagles
58.9%
1955
San Francisco Dons
56.8%
1956
San Francisco Dons
56.8%
1966
UTEP Miners
54.8%
1944
Utah Utes
53.8%
1950
City College of New York Beavers
31.5%
1963
Loyola (Chicago) Ramblers
31.5%
1943
Wyoming Cowboys
29.2%
1947
Holy Cross Crusaders
28.6%
1954
La Salle Explorers
26.1%
Quiz Playlist
Details
Report
Send in Message
Add To Playlist
Classic:
Type in answers that appear in a list
Last Updated: Feb 16, 2017
Quiz Scoreboard
CHALLENGE
Sign Up to Join the Scoreboard
Show All
Scores
Hide
Comments
May contain spoilers
Recently Published
Street Fighter Characters
by Artimus82
Gaming
60s
9x9 Crossword: Cartoon Network
by jackfrog10
Miscellaneous
3m
College Basketball Coaching Resumes
by pancakes188
Sports
9m
More to Explore
Quiz From the Vault
Featured Blog Post
Where Did the Easter Bunny Come From?
hide this ad
You Might Also Like...
Tags
Basketball Quiz
NCAA Quiz
Today's Top Quizzes in Sports
Browse Sports
hide this ad
Today's Top Quizzes in Basketball
Browse Basketball
Top Contributed Quizzes in Sports
1
2022 World Cup Stars
2
Les meilleurs buteurs des matchs entre le PSG et l’OM
3
FIFA Club World Cup Champions
4
Les entraîneurs de l'OM et du PSG au 21e siècle
5
Criteria MLB: Left Handed Sluggers
6
2023 MLB Unique Player Accomplishments
7
AFC Teams Reveal (Wrong Answers Minefield)
8
5-to-1: FBS Animal Nicknames
9
Players with Multiple 50 Home Run Seasons
10
5-to-1: UK Sports Teams
Explore More
Trending Topics
Harry Potter
Disney
NBA
Crossword
Anime
Kpop
Marvel
Song
Soccer
NFL
Pokémon
Country
Puzzle
The Office
WWE
hide this ad
More By:
drmikuls
Quiz
Plays
Rating
Category
Featured
Created
100 Largest U.S. Cities (2009)
10,216
4.68
Geography
Nov 6, 2010
2011 NCAA Men's Tournament Teams Per State
1,743
2.47
Sports
Mar 13, 2011
NCAA Men's Div. I Basketball Champions
1,650
2.67
Sports
Jan 15, 2011
NCAA Division I Schools in Ohio
179
3.83
Sports
Jan 15, 2014
Go to Creator's Profile
Score Distribution
Quiz Creator Spotlight
drmikuls
Follow
Send a Message
Quizzes Created
-
Created Quiz Play Count
-
More By This Creator
Popular Quizzes Today
1
Find the US States - No Outlines Minefield
2
Find the Countries of Europe - No Outlines Minefield
3
The Countries of the World
4
Find the US States
5
Risky Map Clicking: Biggest States A-Z
6
US States
7
Popular People in 1961
8
Movies - When Are They Set?
More Sports Quizzes
Themed Football Logos I: Football
Quiz Lab
Trending Quizzes
Risky Map Clicking: Least Populous States A-Z
Countries of the World: 200 Million BC
1-10 Letter G Words
Risky Map Clicking: Next State Alphabetically
Adjectives in 80s TV Shows
Recently Updated
Leaping Animals
pecheneg
Reality TV Shows (A-Z)
bhenderson79
Rickey Henderson's Hall of Fame Teammates
pecheneg
Champions League XIs: Arsenal
pecheneg
Quick Pick: Celebrities in WWE's Hall of Fame
aduchscher
A-Z Keypad Blitz II
pecheneg
Multiple Oscar Actors
pecheneg
Mystery Phrase Blitz: Oscar 'Best Actors'
pecheneg
F. Scott Fitzgerald Novels
LTH
Pick 3 Villains
ddd62291
Trending Topics
NBA
Crossword
Harry Potter
Anime
Kpop
Disney
Marvel
The Office
Puzzle
Song
NFL
Soccer
WWE
Country
Pokémon
Your Account Isn't Verified!
In order to create a playlist on Sporcle, you need to verify the email address you used during registration. Go to your
Sporcle Settings
to finish the process.
Report this User
Report this user for behavior that violates our
Community Guidelines
.
Details:
Send Report
Go to the Sporcle.com Mobile Site →
Comments